1137 1798 1947 1416 1165 1430 1066 1108 1074 1518 1727 1322 1295 1776 1899 1612 1647 1080 1525 1376 1978 1762 1965 1753 1450 1520 1259 1935 1883 1467 1575 1818 1490 1815 1395 1704 1998 1417 1336 1001 1440 1963 1364 1254 1609 1027 1801 1405 1743 1305 1411 1511 1475 1372 1096 1597 1896 1236 1458 1507 1212 1249 1380 1303 1875 1261 1618 1696 1699 1906 1441 1332 1062 1597 1058 1586 1639 1283 1490 1142 1195 1651 1175 1908 1413 1670 1315 1190 1570 1898 1892 1899 1320 1549 1768 1174 1094 1777 1171 BCNSPRNW ULIB Ver.6.0+V

เปลี่ยนเป็นภาษาไทย

Change to English
 แสดงรายละเอียดบรรณานุกรม
  กลับหน้าหลัก

Brief Record : Get Marc (ISO 2709) : E-mail record : QR code < ปิดหน้าต่าง
LEADER : 00000nam 2200000uu 4500
001    13399121812
003     ULIB
008    121207s2553||||th 000 0 tha d
020    ^a9789744017697
060 04 ^aWQ100^bส886
245 00 ^aสูติศาสตร์ฉุกเฉิน =^bEmergency obstetrics /^cบรรณาธิการถวัลย์วงค์ รัตนสิริ, ฐิติมา สุนทรสัจ, สมศักดิ์ สุทัศน์วรวุฒิ
246 31 ^aEmergency obstetrics
250    ^aพิมพ์ครั้งที่ 1
260    ^aกรุงเทพฯ :^bคณะอนุกรรมการแม่และเด็กชุดที่ 10ราชวิทยาลัยสูตินรีแพทย์แห่งประเทศไทย,^c2553
300    ^a[14], 326 หน้า ;^c30 ซม.
650  0 ^aภาวะฉุกเฉินทางสูติศาสตร์
650  2 ^aObstetrics
650  2 ^aEmergencies^xin pregnancy
650  2 ^aEmergency Medicine
650  7 ^aสูติศาสตร์
650  7 ^aภาวะแทรกซ้อนขณะมีครรภ์
700 0  ^aถวัลย์วงค์ รัตนสิริ,^eบรรณาธิการ
700 0  ^aฐิติมา สุนทรสัจ,^eบรรณาธิการ
700 0  ^aสมศักดิ์ สุทัศน์วรวุฒิ ,^eบรรณาธิการ
945    ^p300^l0^i17044
945    ^p300^l0^i17913
945    ^p300^l0^i17914
945    ^p300^l0^i16813
945    ^p300^l0^i16812
995    ^aทศพร
999    ^aทศพร เกษรทอง
รายการนี้ยังไม่มีแท็ก
คุณยังไม่ได้ล็อกอิน คุณสามารถมีกิจกรรมร่วมกับเว็บไซต์ได้ แต่ต้องล็อกอินก่อน ::
  ล็อกอิน

รายการสื่อสารสนเทศ

ลำดับที่ ประเภท เลขเรียก/บาร์โค้ด สถานที่ สถานะ
1. วิทยาศาสตร์การแพทย์ และสุขภาพ
วิทยาศาสตร์การแพทย์ และสุขภาพ
WQ100 ส886  
  Barcode: 16813
ห้องสมุดวิทยาเขตนครสวรรค์
►ส่วนจัดเก็บหนังสือเก่า นว.
บนชั้น
  ขอยืม
2. วิทยาศาสตร์การแพทย์ และสุขภาพ
วิทยาศาสตร์การแพทย์ และสุขภาพ
WQ100 ส886 ฉ.1 
  Barcode: 16812
ห้องสมุดวิทยาเขตนครสวรรค์
►ส่วนจัดเก็บหนังสือเก่า นว.
บนชั้น
  ขอยืม
3. วิทยาศาสตร์การแพทย์ และสุขภาพ
วิทยาศาสตร์การแพทย์ และสุขภาพ
WQ100 ส886 ฉ.2 
  Barcode: 17913
ห้องสมุดวิทยาเขตนครสวรรค์
►ส่วนจัดเก็บหนังสือเก่า นว.
บนชั้น
  ขอยืม
4. วิทยาศาสตร์การแพทย์ และสุขภาพ
วิทยาศาสตร์การแพทย์ และสุขภาพ
WQ100 ส886 ฉ.3 
  Barcode: 17914
ห้องสมุดวิทยาเขตนครสวรรค์
►ส่วนจัดเก็บหนังสือเก่า นว.
บนชั้น
  ขอยืม

รายการใกล้เคียง
    หัวเรื่อง [ภาวะฉุกเฉินทางสูติศาสตร์]
    หัวเรื่อง [Obstetrics]
    หัวเรื่อง [Emergency Medicine]
    หัวเรื่อง [สูติศาสตร์]
    หัวเรื่อง [ภาวะแทรกซ้อนขณะมีครรภ์]

BibComment


ยังไม่เคยถูกคอมเมนท์

คอมเมนท์ทรัพยากรรายการนี้
  คอมเมนท์: สูติศาสตร์ฉุกเฉิ..


 Copyright 2026. Bcnsprnw @Library